Elementary differential equations / (Record no. 2098)
[ view plain ]
| 000 -LEADER | |
|---|---|
| fixed length control field | 00687nam a2200229 4500 |
| 003 - CONTROL NUMBER IDENTIFIER | |
| control field | OSt |
| 005 - DATE AND TIME OF LATEST TRANSACTION | |
| control field | 20150617140145.0 |
| 008 - FIXED-LENGTH DATA ELEMENTS--GENERAL INFORMATION | |
| fixed length control field | 150617b xxu||||| |||| 00| 0 eng d |
| 020 ## - INTERNATIONAL STANDARD BOOK NUMBER | |
| International Standard Book Number | 0135990440 |
| 040 ## - CATALOGING SOURCE | |
| Transcribing agency | 040a |
| 082 ## - DEWEY DECIMAL CLASSIFICATION NUMBER | |
| Classification number | 515.25 |
| Item number | RAI 1997 |
| 100 ## - MAIN ENTRY--PERSONAL NAME | |
| Personal name | Rainville, Earl D. |
| 9 (RLIN) | 5437 |
| 245 ## - TITLE STATEMENT | |
| Title | Elementary differential equations / |
| Statement of responsibility, etc. | Earl D. Rainville, Phillip E. Bedient, Richard E. Bedient |
| 250 ## - EDITION STATEMENT | |
| Edition statement | 8th ed. |
| 260 ## - PUBLICATION, DISTRIBUTION, ETC. (IMPRINT) | |
| Place of publication, distribution, etc. | New Jersey |
| Name of publisher, distributor, etc. | Prentice-Hall international |
| Date of publication, distribution, etc. | 1997 |
| 300 ## - PHYSICAL DESCRIPTION | |
| Extent | xiii, 530p ; |
| Other physical details | ill : |
| Dimensions | 8 cm |
| 504 ## - BIBLIOGRAPHY, ETC. NOTE | |
| Bibliography, etc | includes index |
| 650 ## - SUBJECT ADDED ENTRY--TOPICAL TERM | |
| Topical term or geographic name as entry element | Mathematics |
| 9 (RLIN) | 810 |
| 700 ## - ADDED ENTRY--PERSONAL NAME | |
| Personal name | Bedient, Phillip E. |
| 9 (RLIN) | 5438 |
| 700 ## - ADDED ENTRY--PERSONAL NAME | |
| Personal name | Bedient, Richard E. |
| 9 (RLIN) | 5439 |
| 942 ## - ADDED ENTRY ELEMENTS (KOHA) | |
| Source of classification or shelving scheme | Dewey Decimal Classification |
| Koha item type | Short Loan |
| Withdrawn status | Lost status | Source of classification or shelving scheme | Damaged status | Not for loan | Home library | Current library | Date acquired | Inventory number | Total Checkouts | Full call number | Barcode | Date last seen | Price effective from | Koha item type | Source of acquisition |
|---|---|---|---|---|---|---|---|---|---|---|---|---|---|---|---|
| Dewey Decimal Classification | MUST Main Library | MUST Main Library | 17/06/2015 | 1998/11872 | 515.25 RAI 1997 | 2015-1952 | 17/06/2015 | 17/06/2015 | Short Loan | ||||||
| Dewey Decimal Classification | MUST Main Library | MUST Main Library | 11/11/2015 | 1998/11875 | 515.25 RAI 1997 | 2015-2563 | 11/11/2015 | 11/11/2015 | Short Loan | ||||||
| Dewey Decimal Classification | MUST Main Library | MUST Main Library | 18/11/2015 | 1998/11876 | 515.25 RAI 1997 | 2015-2667 | 18/11/2015 | 18/11/2015 | Short Loan | ||||||
| Dewey Decimal Classification | MUST Main Library | MUST Main Library | 19/06/2024 | 1998/11874 | 515.25 RAI 1997 | 2024-20890 | 19/06/2024 | 19/06/2024 | Open Shelf | Purchase |
